00185nam a2200073Ia 4500008004100000100002800041245003300069260000900102190216s9999||||xx |||||||||||||| ||und|| aMoulana Abul Kalam Azad 0aIndia Swathanthryam Needunnu bNull